Bedienen von Kesselanlagen. Band I.

Guardado en:
Detalles Bibliográficos
Formato: Libro
Publicado: Leipzig : VEB Deutscher Verlag für Grundstoffindustrie, 1988
Edición:2.Auflage
Etiquetas: Agregar Etiqueta
Sin Etiquetas, Sea el primero en etiquetar este registro!

MARC

LEADER 00000nam a22000003a 4500
001 stu48288
005 20150408180059.8
008 ------s1988----gw----------------------d
040 |a STU  |b slo 
041 0
044 |a gw 
080 |a 621.182 
245 |a Bedienen von Kesselanlagen. Band I. 
250 |a 2.Auflage 
260 |a Leipzig :  |b VEB Deutscher Verlag für Grundstoffindustrie,  |c 1988 
300 |a 208 
996 |b J82740  |c J*82740/K 11  |l JJK11  |s P  |a 0  |w stu48288_0001